| 000 | 00677nam a2200229 a 4500 | ||
|---|---|---|---|
| 005 | 20250311063804.0 | ||
| 008 | 081111s2001 mx r 000 0 spa d | ||
| 020 | _a926418693X | ||
| 035 | _aUPN01000167919 | ||
| 049 | _aUNE | ||
| 080 | _a37: 681.3 =20 "2001" ELE | ||
| 245 | 0 | 0 |
_aE-Learning : _bThe partnership challenge. |
| 260 |
_aParis : _bOECD, _c2001. |
||
| 300 | _a110 p. | ||
| 500 | _aEducation and Skills | ||
| 500 | _aIncluye bibliografía | ||
| 690 | _aEnseñanza con ayuda de la computadora | ||
| 690 |
_aInternet _9547 |
||
| 690 | _aTecnología educacional | ||
| 710 | 2 | _aOECD. Organisation for Economic Co-operation and Development. | |
| 905 | _aUNESCO | ||
| 999 |
_c140030 _d140030 |
||